[Event "Let's Play Chess!"]
[Site "http://www.queenalice.com/game.php?id=1783126"]
[Date "2022.2.20"]
[Round "-"]
[White "igor12345"]
[Black "sph44"]
[Result "1-0"]
[WhiteElo "1881"]
[BlackElo "1848"]

1. e4 e5 2. f4 exf4 3. Nf3 g5 4. Bc4 c6 5. d4 b5 6. Bb3 d5 7. exd5 cxd5 8. a3
Qe7+ 9. Kf2 Be6 10. Re1 h6 11. Nc3 a6 12. Bxd5 Ra7 13. Re2 Nf6 14. Bb3 Ng4+ 15.
Kg1 Qd6 16. d5 Re7 17. dxe6 fxe6 18. Qxd6 Rb7 19. Rxe6+ Be7 20. Nd5 1-0

[Event "Challenge"]
[Site "http://www.queenalice.com/game.php?id=1786496"]
[Date "2022.4.6"]
[Round "-"]
[White "jpribeiro"]
[Black "sph44"]
[Result "1/2-1/2"]
[WhiteElo "1784"]
[BlackElo "1889"]

1. e4 e5 2. Nf3 d6 3. d4 exd4 4. Nxd4 c5 5. Bb5+ Bd7 6. Bxd7+ Qxd7 7. Nf3 Nc6 8.
c4 Nf6 9. Nc3 O-O-O 10. O-O g6 11. Bg5 Qe6 12. Nd5 Bg7 13. Nxf6 Bxf6 14. Bxf6
Qxf6 15. b3 Rhe8 16. Re1 h5 17. Rc1 a6 18. a3 b5 19. Qd5 Kc7 20. cxb5 axb5 21.
b4 Qe7 22. bxc5 dxc5 23. Qxc5 Qxc5 24. Rxc5 Kb6 25. Rcc1 Ra8 26. Ra1 Ra4 27. Re3
Nb4 28. Rb3 Rxe4 29. Nd2 Rd4 30. Rd1 Nc6 31. f3 b4 32. axb4 Raxb4 33. Rxb4+ Nxb4
34. Kf2 f5 35. Ke3 Nc2+ 36. Ke2 Kb5 37. Rc1 Na3 38. Nb3 Rc4 39. Rxc4 Nxc4 40.
Nd4+ Kc5 41. Ne6+ Kd5 42. Nf4+ Ke5 43. Nxg6+ Kf6 44. Nf4 Kg5 45. Ne6+ Kf6 46.
Nf4 Kg5 47. g3 Ne5 48. h4+ Kh6 49. Ne6 Kg6 50. Nf4+ Kh6 51. Ke3 Nf7 52. Nd5 Kg6
53. Kf4 Nh6 54. Ne7+ Kf6 55. Nd5+ Kg6 56. Ne7+ Kf6 57. Nd5+ Kg6 1/2-1/2

[Event "Challenge"]
[Site "http://www.queenalice.com/game.php?id=1786497"]
[Date "2022.4.6"]
[Round "-"]
[White "sph44"]
[Black "jpribeiro"]
[Result "1-0"]
[WhiteElo "1870"]
[BlackElo "1762"]

1. e4 e5 2. Nf3 Nf6 3. Bd3 d6 4. O-O Be7 5. Nc3 O-O 6. b3 Bg4 7. h3 Be6 8. Ng5
Bc8 9. a4 c6 10. Ba3 h6 11. Nf3 Be6 12. Re1 Nbd7 13. Nh4 g5 14. Nf5 Bxf5 15.
exf5 Kg7 16. Ne4 Nxe4 17. Bxe4 d5 18. Bxe7 Qxe7 19. Bf3 Qf6 20. g4 e4 21. Bg2
Rfe8 22. f3 exf3 23. Bxf3 Rxe1+ 24. Qxe1 Qd4+ 25. Kg2 Ne5 26. c3 Nxf3 27. Kxf3
Qf6 28. d4 Kf8 29. Ra2 Re8 30. Re2 Rxe2 31. Qxe2 Qe7 32. Qe5 a6 33. Qh8# 1-0

[Event "ST 61 mulher aii nossa!!"]
[Site "http://www.queenalice.com/game.php?id=1786507"]
[Date "2022.4.7"]
[Round "-"]
[White "zubarev"]
[Black "sph44"]
[Result "0-1"]
[WhiteElo "1675"]
[BlackElo "1850"]

1. d4 d5 2. Nf3 Bf5 3. Bd2 Nf6 4. Nc3 Nc6 5. e3 Nb4 6. Rc1 Bxc2 7. Rxc2 Nxc2+ 8.
Qxc2 Qd7 9. Bd3 O-O-O 10. Ne5 Qe6 11. f4 Ne4 12. Nxe4 dxe4 13. Bc4 Rd5 14. Bxd5
Qxd5 15. O-O Qxa2 16. Nc4 Qa6 17. b3 Qc6 18. Na5 Qxc2 19. Bb4 b6 20. Nc4 Qxb3
21. Ne5 Qxb4 22. Nxf7 Rg8 23. Ne5 e6 24. Nc6 Qc3 25. Ne5 Qxe3+ 26. Kh1 Qxd4 27.
Rc1 Qd2 0-1

[Event "Challenge"]
[Site "http://www.queenalice.com/game.php?id=1787332"]
[Date "2022.4.19"]
[Round "-"]
[White "jpribeiro"]
[Black "sph44"]
[Result "0-1"]
[WhiteElo "1787"]
[BlackElo "1871"]

1. e4 e5 2. Nf3 Nc6 3. d4 exd4 4. Bc4 Bc5 5. O-O Qf6 6. Bg5 Qg6 7. Re1 Nge7 8.
a3 h6 9. Bf4 d6 10. c3 dxc3 11. Nxc3 Bg4 12. b4 Bxf3 13. Qxf3 Bd4 14. Rad1 Ne5
15. Qg3 Nxc4 16. Rxd4 Nxa3 17. Qxg6 Nxg6 18. e5 O-O-O 19. Bg3 Nc2 20. Rdd1 Nxe1
21. Rxe1 dxe5 22. f3 f6 23. Ne4 b6 24. Rc1 f5 25. Nc3 f4 26. Bf2 Rhe8 27. Ne4
Rd7 28. Kf1 Red8 29. Ke2 Rd5 30. Be1 Ne7 31. Bc3 g5 32. Nf6 Rb5 33. Ne4 Ng6 34.
Rd1 Rxd1 35. Kxd1 Nh4 36. Ke2 Nxg2 37. Kf2 Ne3 38. Nf6 Nd1+ 0-1

[Event "Challenge"]
[Site "http://www.queenalice.com/game.php?id=1787333"]
[Date "2022.4.19"]
[Round "-"]
[White "sph44"]
[Black "jpribeiro"]
[Result "0-1"]
[WhiteElo "1906"]
[BlackElo "1774"]

1. e4 e5 2. Nf3 Nf6 3. Bd3 d6 4. O-O Be7 5. Nc3 O-O 6. b3 c6 7. a4 Bg4 8. h3
Nbd7 9. hxg4 Nxg4 10. Bc4 Nc5 11. d4 exd4 12. Nxd4 Ne5 13. Be2 Qa5 14. Nf5 Bf6
15. Bd2 Ng6 16. Nxd6 Bxc3 17. Nxb7 Nxb7 18. Bxc3 Qxc3 19. Bc4 Rad8 20. Qc1 Ne5
21. Ra2 Nxc4 22. bxc4 Qxc4 23. Qb2 Nc5 24. f3 Qd4+ 25. Qxd4 Rxd4 26. a5 Ra4 27.
Rfa1 Rxa2 28. Rxa2 Rd8 29. c3 Rd1+ 30. Kf2 Rd6 31. g4 Rd3 32. Rc2 Rd6 33. Ke3 g5
34. Rd2 Rxd2 35. Kxd2 Nb3+ 36. Kd3 Nxa5 37. Kd4 Kf8 38. c4 Ke7 39. Kc5 Kd7 40.
Kb4 Nb7 41. c5 Ke6 42. Kc4 Ke5 0-1

[Event "V"]
[Site "http://www.queenalice.com/game.php?id=1788140"]
[Date "2022.5.3"]
[Round "-"]
[White "sph44"]
[Black "Icecream"]
[Result "1-0"]
[WhiteElo "1866"]
[BlackElo "1575"]

1. e4 e5 2. Nf3 Nc6 3. Bc4 Nf6 4. d3 Bc5 5. h3 O-O 6. O-O d6 7. Nc3 Nb4 8. a3
Nc6 9. b4 Bd4 10. Bb2 Bd7 11. b5 Na5 12. Nxd4 exd4 13. Nd5 Nxc4 14. dxc4 Nxe4
15. Qxd4 Nf6 16. Nxf6+ Qxf6 17. Qxf6 gxf6 18. Bxf6 a6 19. a4 axb5 20. cxb5 Rfe8
21. c4 Re6 22. Bh4 Re4 23. f4 f5 24. Rfe1 Rxc4 25. Re7 Rxf4 26. Bg3 1-0

[Event "V2"]
[Site "http://www.queenalice.com/game.php?id=1788141"]
[Date "2022.5.3"]
[Round "-"]
[White "Icecream"]
[Black "sph44"]
[Result "0-1"]
[WhiteElo "1623"]
[BlackElo "1859"]

1. e4 e5 2. Nf3 Nc6 3. Bb5 Nd4 4. Nxd4 exd4 5. c3 a6 6. Bd3 dxc3 7. dxc3 Bd6 8.
O-O Ne7 9. Be3 O-O 10. f4 c6 11. Nd2 Ng6 12. e5 Be7 13. Bxg6 fxg6 14. g4 d6 15.
exd6 Qxd6 16. b4 Qd3 17. f5 Qxe3+ 18. Kg2 Qxc3 19. Ne4 Qxb4 20. Rf4 Qb5 21. a4
Qe5 22. Kf3 g5 23. Nxg5 Bxg5 24. Re4 Qxh2 0-1

[Event "Let's Play Chess!"]
[Site "http://www.queenalice.com/game.php?id=1789310"]
[Date "2022.5.23"]
[Round "-"]
[White "sph44"]
[Black "igor12345"]
[Result "1-0"]
[WhiteElo "1884"]
[BlackElo "2044"]

1. e4 c5 2. Bc4 Nc6 3. Nf3 d6 4. O-O Nf6 5. Nc3 Bg4 6. h3 Bh5 7. d3 Bxf3 8. Qxf3
a6 9. Nd5 Nd4 10. Nxf6+ exf6 11. Qh5 g6 12. Qd5 Qd7 13. c3 Nc6 14. a3 Ne7 15.
Qxf7+ Kd8 16. Qxf6 Bg7 17. Qxg7 Qe8 18. Bg5 Qf8 19. Qxf8+ Rxf8 20. Bxe7+ Kxe7
21. Bd5 Rab8 22. f4 b5 23. f5 gxf5 24. Rxf5 Rxf5 25. exf5 Rf8 26. g4 h6 27. Re1+
Kd7 28. Re6 h5 29. b4 cxb4 30. axb4 hxg4 31. hxg4 1-0

[Event "John Locke"]
[Site "http://www.queenalice.com/game.php?id=1790275"]
[Date "2022.6.5"]
[Round "-"]
[White "piemme"]
[Black "sph44"]
[Result "0-1"]
[WhiteElo "1581"]
[BlackElo "1885"]

1. e4 e5 2. Qh5 Nf6 3. Qxe5+ Qe7 4. Qxe7+ Bxe7 5. d3 d6 6. Nf3 O-O 7. Nbd2 Nc6
8. g3 Nb4 9. Kd1 Ng4 10. Ke2 Nxc2 11. Rb1 Nb4 12. a3 Na2 13. h3 Nf6 14. b4 Nc3+
0-1

[Event "Challenge"]
[Site "http://www.queenalice.com/game.php?id=1790882"]
[Date "2022.6.14"]
[Round "-"]
[White "jpribeiro"]
[Black "sph44"]
[Result "1-0"]
[WhiteElo "1901"]
[BlackElo "1885"]

1. e4 e5 2. Nf3 Nc6 3. d4 exd4 4. Bc4 h6 5. O-O Bc5 6. c3 dxc3 7. Qd5 Qe7 8.
Nxc3 Nf6 9. Qd1 Nxe4 10. Nxe4 O-O 11. Nxc5 Qxc5 12. b3 Ne5 13. Nxe5 Qxe5 14. Rb1
b5 15. Re1 Qf5 16. Bd3 Qc5 17. Bb2 d6 18. Rc1 Qb6 19. Re3 f5 20. Re7 Rf7 21.
Rxf7 Kxf7 22. Qh5+ Kg8 23. Qg6 Kf8 24. Bxg7+ Ke7 25. Re1+ Kd7 26. Qe8# 1-0

[Event "Challenge"]
[Site "http://www.queenalice.com/game.php?id=1790883"]
[Date "2022.6.14"]
[Round "-"]
[White "sph44"]
[Black "jpribeiro"]
[Result "1/2-1/2"]
[WhiteElo "1870"]
[BlackElo "1898"]

1. e4 e5 2. Nf3 Nf6 3. Nxe5 d6 4. Nf3 Nxe4 5. d3 Nf6 6. Qe2+ Qe7 7. Bg5 Qxe2+ 8.
Bxe2 Be7 9. O-O O-O 10. h3 c5 11. Nc3 Be6 12. Nb5 Na6 13. b3 Rfd8 14. Nd2 h6 15.
Be3 Nd5 16. Nc4 Nxe3 17. Nxe3 Bd7 18. Nc3 Bf6 19. Ned5 Bd4 20. Rae1 Nb4 21. Bf3
Nxc2 22. Re2 Nb4 23. Nxb4 cxb4 24. Nd1 Bc6 25. Bxc6 bxc6 26. Ne3 Re8 27. Rfe1
Re6 28. Nc2 Bc3 29. Rxe6 fxe6 30. Rxe6 Rd8 1/2-1/2

[Event "Algarve"]
[Site "http://www.queenalice.com/game.php?id=1791044"]
[Date "2022.6.18"]
[Round "-"]
[White "sph44"]
[Black "zubarev"]
[Result "1-0"]
[WhiteElo "1879"]
[BlackElo "1763"]

1. e4 e5 2. Nf3 Nc6 3. Bc4 Be7 4. O-O Nf6 5. Ng5 O-O 6. Qf3 Nd4 7. Qd3 d6 8. c3
Ne6 9. Nxe6 Bxe6 10. Bxe6 fxe6 11. b4 c6 12. Qf3 d5 13. d3 d4 14. Bd2 c5 15. a3
b6 16. a4 Qc7 17. b5 Nd7 18. Qh3 Qd6 19. Na3 a6 20. Nc4 Qc7 21. Qxe6+ Rf7 22. f4
Re8 23. fxe5 Rf8 24. Nd6 Bxd6 25. exd6 Qd8 26. Bg5 Qe8 27. Be7 1-0

[Event "Porto II"]
[Site "http://www.queenalice.com/game.php?id=1791046"]
[Date "2022.6.18"]
[Round "-"]
[White "zubarev"]
[Black "sph44"]
[Result "1-0"]
[WhiteElo "1737"]
[BlackElo "1881"]

1. d4 d5 2. Nc3 Nf6 3. Nf3 e6 4. e3 Bd6 5. Bd3 O-O 6. O-O h6 7. Re1 c5 8. Bd2 c4
9. Be2 Bd7 10. Bf1 Qb6 11. Rb1 a5 12. Be2 Nc6 13. a3 a4 14. Na2 Ne4 15. Nc3 Nxd2
16. Qxd2 Ne7 17. e4 f6 18. exd5 exd5 19. Bd1 Qa5 20. Ne2 Qxd2 21. Nxd2 b5 22.
Nf3 Bg4 23. Ng3 Bxg3 24. hxg3 Nf5 25. c3 Rfe8 26. Bc2 Re7 27. Rxe7 Nxe7 28. Nd2
Re8 29. f3 Bf5 30. Rc1 Bxc2 31. Rxc2 Nf5 32. Kf2 h5 33. Nf1 g5 34. Re2 Rxe2+ 35.
Kxe2 Nh6 36. Ke3 Kf7 37. Nd2 Nf5+ 38. Kf2 g4 39. f4 Ke6 40. Nf1 h4 41. gxh4 Nxh4
42. Kg3 Ng6 43. Kxg4 f5+ 44. Kg5 Ne7 45. Ng3 Nc6 46. Nxf5 Na5 47. Ne3 Nb3 48.
f5+ 1-0

[Event "Lisboa"]
[Site "http://www.queenalice.com/game.php?id=1791047"]
[Date "2022.6.18"]
[Round "-"]
[White "Olavio"]
[Black "sph44"]
[Result "1-0"]
[WhiteElo "1996"]
[BlackElo "1877"]

1. e4 e5 2. Nf3 Nc6 3. Bc4 h6 4. Nc3 Bc5 5. O-O Nf6 6. a3 Nd4 7. d3 O-O 8. Nxe5
Ne6 9. Bxe6 dxe6 10. Be3 Bxe3 11. fxe3 Qd6 12. d4 a6 13. Rxf6 gxf6 14. Ng4 Kg7
15. Qf3 e5 16. Qh3 Bxg4 17. Qxg4+ Kh7 18. Nd5 c6 19. Qf5+ Kg7 20. Nc3 exd4 21.
Ne2 Qe6 22. Qf3 Qe5 23. Nf4 dxe3 24. Nh5+ Kg6 25. g4 Qxb2 26. Qf5# 1-0

[Event "Albufeira II"]
[Site "http://www.queenalice.com/game.php?id=1791048"]
[Date "2022.6.18"]
[Round "-"]
[White "sph44"]
[Black "Olavio"]
[Result "1-0"]
[WhiteElo "1857"]
[BlackElo "2018"]

1. e4 e6 2. Nf3 g6 3. d4 Bg7 4. Be3 c5 5. c3 Ne7 6. dxc5 Nbc6 7. Be2 O-O 8. a3
b6 9. cxb6 axb6 10. O-O Bb7 11. Qd3 Ne5 12. Nxe5 Bxe5 13. f4 Bg7 14. Bd4 f5 15.
Bxg7 Kxg7 16. Qd4+ Kg8 17. Nd2 fxe4 18. Nxe4 Bxe4 19. Qxe4 Rf6 20. Rad1 b5 21.
Bxb5 Qb6+ 22. Rf2 Qxb5 23. Qxa8+ Kg7 24. Qf3 Nd5 25. b4 Nxf4 26. c4 Qxc4 27.
Rxd7+ Kh6 28. h3 e5 29. Qe3 g5 30. g3 Nxh3+ 31. Kg2 Nxf2 32. Rd2 Ne4 33. Re2
Qxe2+ 34. Qxe2 Rf2+ 35. Qxf2 Nxf2 36. Kxf2 Kg7 37. b5 1-0

[Event "Let's Play Chess!"]
[Site "http://www.queenalice.com/game.php?id=1791751"]
[Date "2022.6.30"]
[Round "-"]
[White "igor12345"]
[Black "sph44"]
[Result "1-0"]
[WhiteElo "2037"]
[BlackElo "1866"]

1. e4 e5 2. f4 exf4 3. Nf3 g5 4. Bc4 c6 5. Nc3 b5 6. Bb3 f6 7. h3 a5 8. a3 a4 9.
Ba2 Bd6 10. d4 Qe7 11. O-O Bc7 12. e5 fxe5 13. dxe5 Bb6+ 14. Kh1 Nh6 15. Qd3 Nf7
16. b4 axb3 17. Bxb3 O-O 18. Bb2 b4 19. axb4 Rxa1 20. Rxa1 Kg7 21. Ne4 Kg6 22.
Nexg5+ 1-0

[Event "Let's Play Chess!"]
[Site "http://www.queenalice.com/game.php?id=1791952"]
[Date "2022.7.5"]
[Round "-"]
[White "sph44"]
[Black "ulisses34"]
[Result "1-0"]
[WhiteElo "1871"]
[BlackElo "1619"]

1. e4 e5 2. Nf3 d6 3. Bc4 Qe7 4. O-O Be6 5. Bxe6 Qxe6 6. d3 Be7 7. c4 Nc6 8. Nc3
Nd4 9. Nd5 Bd8 10. Nxd4 exd4 11. b3 c6 12. Nf4 Qf6 13. Nh5 Qg6 14. Nf4 Qf6 15.
a4 Ne7 16. Nh5 Qe6 17. Nxg7+ 1-0

[Event "Vhiessu II"]
[Site "http://www.queenalice.com/game.php?id=1792125"]
[Date "2022.7.7"]
[Round "-"]
[White "jenyasm"]
[Black "sph44"]
[Result "1-0"]
[WhiteElo "1703"]
[BlackElo "1890"]

1. e4 e5 2. Nf3 Nc6 3. Bc4 h6 4. O-O Nf6 5. Nc3 Bd6 6. Re1 O-O 7. d4 a6 8. d5 b5
9. Bd3 Ne7 10. Be3 c6 11. dxc6 dxc6 12. Be2 b4 13. Na4 Nxe4 14. h3 Qa5 15. b3 c5
16. Qd5 Be6 17. Qxe4 Bd5 18. Qg4 f5 19. Qh4 f4 20. Bd2 e4 21. Nh2 f3 22. gxf3
exf3 23. Bd3 Bxh2+ 24. Kxh2 Qc7+ 25. Qg3 Qc6 26. Rxe7 Qf6 27. Ree1 g5 28. Nxc5
Rf7 29. Ne4 Bxe4 30. Bxe4 Rd8 31. Bxb4 h5 32. Rad1 h4 33. Qg4 Rxd1 34. Rxd1 Qe5+
35. Kh1 Qf4 36. Qxf4 Rxf4 37. Re1 Kg7 38. Re3 g4 39. hxg4 Rxg4 40. Bc3+ Kh6 41.
Bxf3 Rf4 42. Kg2 Kg5 43. Bd2 Rd4 44. Bc1 Kf5 45. Be2 a5 46. Bd3+ Kg4 47. Re4+
Rxe4 48. Bxe4 1-0

[Event "Puigcerda"]
[Site "http://www.queenalice.com/game.php?id=1792874"]
[Date "2022.7.21"]
[Round "-"]
[White "ROYANDROLL"]
[Black "sph44"]
[Result "0-1"]
[WhiteElo "1576"]
[BlackElo "1872"]

1. e4 e5 2. d3 Bc5 3. f3 Nf6 4. Bg5 h6 5. Bxf6 Qxf6 6. Ne2 O-O 7. h4 Qb6 8. Qc1
Bf2+ 9. Kd1 Be3 10. Nd2 d6 11. b3 Nc6 12. c3 Qb5 13. Ng3 a5 14. Nf5 Bxd2 15.
Qxd2 Bxf5 16. exf5 Qd5 17. Qe1 b5 18. Qf2 a4 19. c4 bxc4 20. bxc4 Qd4 21. Qxd4
Nxd4 22. g4 Rab8 23. Rh3 Rb2 24. Kc1 Rf2 25. Rh1 Rxf3 26. Kb2 Rb8+ 27. Kc1 Rf2
28. Kd1 Rbb2 29. Rg1 Rxa2 30. Rxa2 Rxa2 31. g5 Nxf5 32. gxh6 Nxh6 33. Kc1 Nf5
34. h5 Ne3 35. h6 g6 36. Rh1 Ra1+ 37. Kd2 Rxf1 38. h7+ Kh8 39. Rh3 Ng2 40. Rh2
a3 41. Rxg2 a2 42. Ke2 a1=Q 43. Rf2 Qe1+ 44. Kf3 Qxf2+ 45. Ke4 Qf3# 0-1

[Event "Girona"]
[Site "http://www.queenalice.com/game.php?id=1792875"]
[Date "2022.7.21"]
[Round "-"]
[White "sph44"]
[Black "ROYANDROLL"]
[Result "1-0"]
[WhiteElo "1867"]
[BlackElo "1581"]

1. e4 e5 2. Nf3 d6 3. Bc4 Bg4 4. h3 Bxf3 5. Qxf3 f6 6. O-O a6 7. a4 Ne7 8. c3
Nbc6 9. Rd1 Na5 10. Be6 Ng6 11. d4 Nf4 12. Bxf4 exf4 13. Qxf4 Qe7 14. Bg4 g5 15.
Bh5+ Kd8 16. Qf5 Nb3 17. Ra3 Nxd4 18. cxd4 Bg7 19. d5 a5 20. Rc3 Qd7 21. Qxd7+
Kxd7 22. Bg4+ Kd8 23. Bf5 Ra6 24. Rdc1 Ra8 25. Rxc7 b6 26. Rxg7 Rb8 27. Rxh7
Rxh7 28. Bxh7 b5 29. Rc6 Ke7 30. Nc3 b4 31. Nb5 Rb7 32. Nxd6 b3 33. Nxb7 Kd7 34.
Nxa5 Ke7 35. Nxb3 f5 36. Bxf5 g4 37. a5 g3 38. a6 gxf2+ 39. Kxf2 Kd8 40. a7 Ke8
41. a8=Q+ Kf7 42. Qb7+ Ke8 43. Rc8# 1-0

[Event "Let's Play Chess!"]
[Site "http://www.queenalice.com/game.php?id=1793621"]
[Date "2022.8.3"]
[Round "-"]
[White "sph44"]
[Black "igor12345"]
[Result "0-1"]
[WhiteElo "1859"]
[BlackElo "1977"]

1. e4 c5 2. Bc4 Nc6 3. Nf3 d6 4. O-O Nf6 5. Ng5 e6 6. Nc3 a6 7. a4 h6 8. Nf3 Be7
9. d4 cxd4 10. Nxd4 O-O 11. Nxc6 bxc6 12. a5 Nd7 13. b4 Ne5 14. Bb3 Bb7 15. Qh5
Bf6 16. Bd2 Nd7 17. Rae1 e5 18. f4 exf4 19. Rxf4 Ne5 20. h4 Ng6 21. Rg4 Kh7 22.
Be6 Ne5 23. Bf5+ Kh8 24. Rf4 Nc4 25. Qe2 Nxd2 26. Qxd2 Bxh4 27. Rxh4 Qxh4 28.
Rd1 Rad8 29. Qf2 Qxf2+ 30. Kxf2 g6 31. Bg4 Kg7 32. Bf3 c5 33. Nd5 Bxd5 34. exd5
cxb4 35. Rb1 Rc8 36. Be4 Rc5 37. Rxb4 Rxa5 38. Rb6 Rd8 39. Ke3 Re8 0-1

[Event "Challenge"]
[Site "http://www.queenalice.com/game.php?id=1793807"]
[Date "2022.8.7"]
[Round "-"]
[White "ROYANDROLL"]
[Black "sph44"]
[Result "0-1"]
[WhiteElo "1590"]
[BlackElo "1876"]

1. e4 e5 2. d3 Bc5 3. c3 Nf6 4. b4 Bb6 5. a4 a5 6. b5 d6 7. Bg5 h6 8. Bd2 Ng4 9.
Nh3 O-O 10. f3 Ne3 11. Bxe3 Bxe3 12. Na3 Bxh3 13. gxh3 Qh4+ 14. Ke2 Qf2# 0-1